Normal view
MARC view
Entry Topical Term
001 - CONTROL NUMBER
- control field: 3117
003 - CONTROL NUMBER IDENTIFIER
- control field: HDC
005 - DATE AND TIME OF LATEST TRANSACTION
- control field: 20230624073139.0
008 - FIXED-LENGTH DATA ELEMENTS
- fixed length control field: 210111|| aca||aabn | a|a d
040 ## - CATALOGING SOURCE
- Original cataloging agency: HDC
- Transcribing agency: HDC
150 ## - HEADING--TOPICAL TERM
- Topical term or geographic name entry element: Forage-Livestock Models
670 ## - SOURCE DATA FOUND
- Source citation: Work cat.: (HDC): John R. Donnelly author 3115, Agricultural System Models In Field Research And Technology Transfer. Chapter 2 :, 2016
